Normal view
MARC view
- Gopal,Dr.Krishna
Entry Personal Name
001 - CONTROL NUMBER
- control field: 6326
003 - CONTROL NUMBER IDENTIFIER
- control field: NUST
005 - DATE AND TIME OF LATEST TRANSACTION
- control field: 20171113133920.0
008 - FIXED-LENGTH DATA ELEMENTS
- fixed length control field: 171113|| aca||aabn | a|a d
040 ## - CATALOGING SOURCE
- Original cataloging agency: NUST
- Transcribing agency: NUST
100 ## - HEADING--PERSONAL NAME
- Personal name: Gopal,Dr.Krishna
670 ## - SOURCE DATA FOUND
- Source citation: Work cat.: (NUST): Gopal,Dr.Krishna, Fundamentals Of Water and Waste Water, 2004
